Guess The NFL player by picture pt2 - Statistics

General Stats
  • This quiz has been taken 313 times
  • The average score is 10 of 12
Answer Stats
Picture Answer % Correct
CJ Stroud
97%
Justin Jefferson
97%
George Pickens
96%
Christian Mccaffrey
95%
Ray Lewis
94%
Micah Parsons
92%
Xavier Worthy
92%
Patrick Surtain
87%
Johnathan Taylor
86%
Josh Dobbs
85%
Marlon Humphrey
58%
Kyle Juszczyk
57%
No matching quizzes found
Score Distribution
Percent of People with Each Score
Percentile by Number Answered
Your Score History
You have not taken this quiz